| 000 | 00468nam a22001697a 4500 | ||
|---|---|---|---|
| 003 | NUST - PNEC | ||
| 005 | 20170116181015.0 | ||
| 008 | 150913b xxu||||| |||| 00| 0 eng d | ||
| 020 | _a0943518296 | ||
| 040 | _cLIBRARY | ||
| 082 | _a005.265 ROS | ||
| 100 |
_910428 _aRosenthal, Emily |
||
| 245 |
_aAbsolutely essential utilities for the IBM PC _cEmily Rosenthal |
||
| 260 | _cc.1987 | ||
| 650 |
_910430 _aIBM Personal Computer--Programming _xMIS |
||
| 942 |
_2ddc _cBK |
||
| 999 |
_c67244 _d67244 |
||